000 00578nam a2200229Ia 4500
003 OSt
005 20220918175854.0
006 a|||||r|||| 00| 0
007 ta
008 220917b |||||||| |||| 00| 0 eng d
024 _a19,341
037 _cTextual
040 _aARTS
_cARTS
_beng
041 _2eng
_aeng
082 _aO:1K08:90A, J6-;1
100 _aSvendsen Kester
_955068
245 0 _aMilton and science
260 _c1956
650 _aENGLISH LITERATURE
942 _hO:1K08:90A, J6-;1
_cTEXL
_2CC
999 _c159312
_d159312